Ecología de los sistemas agricolas

שמור ב:
מידע ביבליוגרפי
מחבר ראשי: Spedding, C. R. W (Author)
פורמט: ספר
שפה:ספרדית
יצא לאור: Madrid H. Blume 1979
נושאים:
תגים: הוספת תג
אין תגיות, היה/י הראשונ/ה לתייג את הרשומה!

MARC

LEADER 00000nam a2200000 a 4500
001 UCU2936
003 CL-VaPUC
008 960502e19790000SP |||||||||||||||||spa|d
082 0 4 |a 577.55  |b SPE  |2 21 
100 0 |a Spedding, C. R. W  |e author  |9 359530 
245 1 0 |a Ecología de los sistemas agricolas 
300 |a 320 p 
942 |c BK 
945 |d 19960502 00:00:00  |a rleighto 
260 |a Madrid  |b H. Blume  |c 1979 
650 0 |a Ecología   |9 258124 
650 0 |a Agricultura  |9 255598 
650 0 |a Ecología agrícola   |9 264266 
650 7 |a PRODUCTOS ANIMALES  |2 CL-VaPUC  |9 344463 
650 7 |a PRODUCTOS AGRICOLAS  |2 CL-VaPUC  |9 338601 
650 0 |a Ecosistemas terrestres  |9 343700 
650 7 |a BIOLOGIA AGRICOLA  |2 CL-VaPUC  |9 359531 
583 |a last modification  |c 19960502 00:00:00  |k Rodrigo Vera 
999 |c 247095  |d 247093